Mera Jeewan Sangarsh (Record no. 13625)

MARC details
000 -LEADER
fixed length control field 00371nam a22001577a 4500
003 - CONTROL NUMBER IDENTIFIER
control field OSt
008 - FIXED-LENGTH DATA ELEMENTS--GENERAL INFORMATION
fixed length control field 250529b |||||||| |||| 00| 0 eng d
020 ## - INTERNATIONAL STANDARD BOOK NUMBER
International Standard Book Number 9789390594832
100 ## - MAIN ENTRY--PERSONAL NAME
Personal name NAAGIN, Neera Arya
245 ## - TITLE STATEMENT
Title Mera Jeewan Sangarsh
250 ## - EDITION STATEMENT
Edition statement 1st
260 ## - PUBLICATION, DISTRIBUTION, ETC. (IMPRINT)
Place of publication, distribution, etc New Delhi
Name of publisher, distributor, etc Empty Canvas Publishers
Date of publication, distribution, etc 2022
300 ## - PHYSICAL DESCRIPTION
Extent 208
650 ## - SUBJECT ADDED ENTRY--TOPICAL TERM
Topical term or geographic name as entry element General
942 ## - ADDED ENTRY ELEMENTS (KOHA)
Source of classification or shelving scheme Dewey Decimal Classification
Koha item type Text Books
Holdings
Withdrawn status Lost status Source of classification or shelving scheme Damaged status Not for loan Collection code Home library Current library Date acquired Source of acquisition Currency Cost, normal purchase price Bill Number Total Checkouts Full call number Acc. no. / Barcode Date last seen Actual Cost, discounted price Bill Date Koha item type
    Dewey Decimal Classification     Book Club and Indian Knowledge System PIET C-LIBRARY PIET C-LIBRARY 10/04/2025 Subash Kohali INR 225.00 828   923 NAM K98 29/05/2025 225.00 10/04/2025 Text Books

Design & Developed by: PIET Central Library
R70 Miles Stone Pattikalyana Samalkha Panipat 132102
mail ID :- [email protected], Phone No:- 0180-2569700 Ex.216